书目信息 |
| 题名: |
现代化与教育
|
|
| 作者: | 永井道雄 著 ;陈晖 译 | |
| 分册: | ||
| 出版信息: | 长春 吉林人民出版社 2005 |
|
| 页数: | 196页 | |
| 开本: | 20cm | |
| 丛书名: | 日本文化与现代化丛书 | |
| 单 册: | ||
| 中图分类: | G531.32 | |
| 科图分类: | ||
| 主题词: | 教育制度--研究--日本--现代 , 教育制度 | |
| 电子资源: | ||
| ISBN: | 7-206-00963-8 | |
| 000 | 00913oam2 2200289 45 | |
| 001 | 012006061401 | |
| 005 | 20061214092641.64 | |
| 010 | @a7-206-00963-8@dCNY16.50 | |
| 092 | @aCN@b475054 | |
| 100 | @a20060614d2005 m y0chiy0120 ea | |
| 101 | 1 | @achi@cjpn |
| 102 | @aCN@b220000 | |
| 105 | @ay z 000yy | |
| 200 | 1 | @a现代化与教育@9xian dai hua yu jiao yu@f(日)永井道雄著@g陈晖等译@Gchen hui deng yi |
| 205 | @a2版 | |
| 210 | @a长春@c吉林人民出版社@d2005 | |
| 215 | @a196页@d20cm | |
| 225 | 2 | @a日本文化与现代化丛书 |
| 330 | @a本书主要内容:近代日本的起飞与坠落、西化与日本化、知识分子的培养途径、工业化社会大学等。 | |
| 461 | 0 | @12001 @a日本文化与现代化丛书 |
| 606 | 0 | @a教育制度@x研究@y日本@z现代 |
| 606 | 0 | @a教育制度 |
| 690 | @aG531.32@v4 | |
| 701 | 0 | @a永井道雄@9yong jing dao xiong@4著 |
| 702 | 0 | @a陈晖@9chen hui@4译 |
| 801 | 0 | @aCN@bLZJBOOK@c20061214 |
| 905 | @a10447@dG531.32@e34=2 | |
| 现代化与教育/(日)永井道雄著/陈晖等译.-2版.-长春:吉林人民出版社,2005 |
| 196页;20cm.-(日本文化与现代化丛书) |
| ISBN 7-206-00963-8:CNY16.50 |
| 本书主要内容:近代日本的起飞与坠落、西化与日本化、知识分子的培养途径、工业化社会大学等。 |
| ● |
| 相关链接 |
|
|
|
|
正题名:现代化与教育
索取号:G531.32/34=2
 
预约/预借
| 序号 | 登录号 | 条形码 | 馆藏地/架位号 | 状态 | 备注 |
| 1 | 0550008 | 205500082 | 第一样本阅览室/ [索取号:G531.32/34=2] | 在馆 | |
| 2 | 0550009 | 205500091 | 密集书库/ [索取号:G531.32/34=2] | 在馆 | |
| 3 | 0550010 | 205500108 | 第四借阅区/ [索取号:G531.32/34=2] | 在馆 | |
| 4 | 0550011 | 205500117 | 第四借阅区/ [索取号:G531.32/34=2] | 在馆 | |
| 5 | 0550012 | 205500126 | 第四借阅区/ [索取号:G531.32/34=2] | 在馆 | |
| 6 | 0550013 | 205500135 | 第四借阅区/ [索取号:G531.32/34=2] | 在馆 | |
| 7 | 0550014 | 205500144 | 密集书库/ [索取号:G531.32/34=2] | 在馆 | |
| 8 | 0550015 | 205500153 | 密集书库/ [索取号:G531.32/34=2] | 在馆 |